|
|
|
|
| LEADER |
01001nam a2200241 a 4500 |
| 001 |
82421 |
| 003 |
AR-LpUBP |
| 005 |
20250704191727.0 |
| 007 |
ta |
| 008 |
081104s1964 ag g 000 0 spa d |
| 040 |
|
|
|a AR-LpUBP
|b spa
|c AR-LpUBP
|
| 100 |
1 |
|
|a Harms, Ernest
|9 68123
|
| 245 |
1 |
0 |
|a Psicología del niño anormal
|
| 260 |
|
|
|a Buenos Aires :
|b Paidós,
|c 1964.
|
| 300 |
|
|
|a 239 p. ;
|c 20 cm.
|
| 490 |
0 |
|
|a Biblioteca de psiquiatría, psicopatología y psicosomática ;
|v 27
|
| 500 |
|
|
|a Contiene: Psicología genética de las mas importantes anormalidades mentales de la infancia. Diagnóstico y procedimiento terapeúticos
|
| 942 |
|
|
|c BK
|
| 952 |
|
|
|0 0
|1 0
|2 udc
|4 0
|6 FA05942
|7 0
|9 115753
|a DUN
|b DUN
|c FG
|d 2023-07-10
|i 393287
|l 0
|o Fa-05942
|p DUN393287
|r 2023-07-10 20:49:47
|w 2023-07-10
|y BK
|
| 952 |
|
|
|0 0
|1 0
|2 udc
|4 0
|6 FA5942A
|7 0
|9 115754
|a DUN
|b DUN
|c FG
|d 2023-07-10
|i 512624
|l 0
|o Fa-5942-a
|p DUN512624
|r 2023-07-10 20:49:47
|w 2023-07-10
|y BK
|
| 999 |
|
|
|c 82421
|d 82421
|
| 988 |
|
|
|c 34
|d Miguel Kiperszmid
|
| 997 |
|
|
|z a
|